|
|
|
|
| LEADER |
00000nam0a2200000 4500 |
| 001 |
372353 |
| 005 |
20231102012452.0 |
| 035 |
|
|
|a (RuTPU)RU\TPU\retro\29776
|
| 035 |
|
|
|a RU\TPU\book\304627
|
| 090 |
|
|
|a 372353
|
| 100 |
|
|
|a 20221214d1965 m y0rusy50 ca
|
| 101 |
0 |
|
|a rus
|
| 102 |
|
|
|a RU
|
| 105 |
|
|
|a a j 001zy
|
| 200 |
1 |
|
|a Месторождения радиоактивного сырья
|e учебное пособие
|f В. И. Данчев, Т. А. Лапинская
|
| 210 |
|
|
|a Москва
|c Недра
|d 1965
|
| 215 |
|
|
|a 254 с.
|c ил.
|
| 320 |
|
|
|a Библиогр.: с. 249-253.
|
| 606 |
1 |
|
|a Радиоактивные элементы
|x Месторождения
|2 stltpush
|3 (RuTPU)RU\TPU\subj\22441
|9 47199
|
| 610 |
1 |
|
|a месторождения
|
| 610 |
1 |
|
|a радиоактивность
|
| 610 |
1 |
|
|a радиоактивные материалы
|
| 610 |
1 |
|
|a сырье
|
| 610 |
1 |
|
|a миграция
|
| 610 |
1 |
|
|a уран
|
| 610 |
1 |
|
|a радий
|
| 610 |
1 |
|
|a торий
|
| 610 |
1 |
|
|a горные породы
|
| 610 |
1 |
|
|a эндогенные процессы
|
| 610 |
1 |
|
|a осадочные месторождения
|
| 610 |
1 |
|
|a геология
|
| 610 |
1 |
|
|a геофизика
|
| 610 |
1 |
|
|a учебные пособия
|
| 675 |
|
|
|a 553.495(075.8)
|v 3
|
| 700 |
|
1 |
|a Данчев
|b В. И.
|g Владимир Иванович
|
| 701 |
|
1 |
|a Лапинская
|b Т. А.
|g Татьяна Александровна
|
| 801 |
|
1 |
|a RU
|b 63413507
|c 20030930
|g PSBO
|
| 801 |
|
2 |
|a RU
|b 63413507
|c 20030930
|g PSBO
|
| 801 |
|
2 |
|a RU
|b 63413507
|c 20221214
|g PSBO
|
| 900 |
|
|
|a Химия и технология ядерного горючего
|
| 942 |
|
|
|c BK
|
| 952 |
|
|
|a 511000
|b 011200
|